Recenzia na publikáciu The Black Swan

Autor recenzie označuje knihu za pozoruhodné dielo. Ide o zmes populárno-náučne napísanej odbornej literatúry z ekonómie, rizika a vedeckého skúmania, filozofických úvah a epistemológie.

Enregistré dans:
Détails bibliographiques
Auteur principal: Baumöhl, Eduard, 1982-
Format: Chapitre de livre
Langue:slovaque
Sujets:
Tags: Ajouter un tag
Pas de tags, Soyez le premier à ajouter un tag!

MARC

LEADER 00000naa a2200000 4500
001 0162761
005 20240502072823.2
041 0 |a slo 
044 |a SK 
245 1 0 |a Recenzia na publikáciu The Black Swan  |c Eduard Baumöhl 
520 |a Autor recenzie označuje knihu za pozoruhodné dielo. Ide o zmes populárno-náučne napísanej odbornej literatúry z ekonómie, rizika a vedeckého skúmania, filozofických úvah a epistemológie. 
610 2 0 |a ekonómia 
610 2 0 |a recenzie 
100 1 |a Baumöhl, Eduard, 1982-